000 01121nam a2200337Ia 4500
001 Para_10249
003 CHAP
008 220125s2013 xx 000 0 und d
010 _a208937
020 _a978 - 2 - 7649 - 0230 - 1
040 _cCHAP
082 _aPA 634.7 D57 2013
245 _aDiseases, pests and beneficial organisms of Strawberry, Raspberry, and Blueberry /
_c Liette Lambert, Ginette H. Laplante, Odile Carisse, Charles Vincent
260 _aSt. Paul, Minnesota :
_b APS Press
650 _aArĂ¡ndano
_x Plagas
_97295
650 _aFrambuesa
_x Enfermedades
_942873
650 _aFrambuesa
_x Plagas
_942888
650 _aFresa
_x Plagas
_943226
650 _aFresa
_x Enfermedades
_943202
700 _aCarisse, Odile, coaut.
_9175232
700 _aLambert, Liette, coaut.
_9175233
700 _aLaplante, Ginette H., coaut.
_9175234
700 _aVincent, Charles, coaut.
_9175235
901 _aPA 634.7 D57 2013
902 _aM
905 _a5232202013 a 8000000300 02
910 _a2013
942 _cPARA
942 _cPARA
_d1
999 _c208937
_d208937